| 000 | 00843cam a22002535a 4500 | ||
|---|---|---|---|
| 001 | L157147 | ||
| 008 | 120910s2012 xxk f 000 0 eng d | ||
| 020 | _a9780132927291 | ||
| 035 | _a(Sirsi) u157147 | ||
| 041 | 0 | _aeng | |
| 050 | 0 | 4 | _a690 $2 18 |
| 100 | 1 | _aMehta, Madan | |
| 245 | 0 | 0 |
_aBuilding construction _bprinciples, materials, and systems |
| 250 | _a2nd ed. | ||
| 260 |
_aNew Jersey _bPearson Education _c2012 |
||
| 300 |
_axvii, 952p. _bill. _c30cm. |
||
| 520 | _aDiscusses the practicalities of building construction, including techniques, materials and systems. Also examines the role of the building professional in the construction process. | ||
| 521 | _aAdvanced | ||
| 651 | 4 | _aInternational | |
| 690 |
_aConstruction management _96230 |
||
| 700 | 1 | _aScarborough, Walter | |
| 700 | 1 | _aArmpriest, Diane | |
| 942 | _n0 | ||
| 999 |
_c114626 _d114626 |
||